000 00638nam a2200181Ia 4500
008 190422s9999 xx 000 0 und d
100 _aCoetzee, Stephen A
245 _aWeb conferencing-based tutorials: students perceptions thereof and the effect on academic performance in accounting education /
245 _cStephen A. Coetzee, Astrid Schmulian and Rhole Coetzee.--
260 _bTaylor and Francis Group
260 _c2018
300 _apages 531-546, October 2018
440 _aAccounting Education
_v27(5)
650 _aAcademic Performance
650 _aConnectivism
650 _aTutorials
650 _aWeb conference
999 _c361478
_d361478